=LDR 00000nam 2200000 4500 =001 INLIS000000000044763 =005 20131008110657 =008 ***********************************Ind** =035 ##$$0010-101300000002685 =041 ##$$a Ind =082 ##$$a 813 =090 ##$$a 813, katm =100 ##$$a Katino, Adnan =245 ##$$a Menggapai Matahari, Adnan Katino ; Editor Melia Kusumadewi =260 ##$$a 2010 $b Jakarta =300 ##$$a Xii,399 Hlm, 20 Cm =700 ##$$a Kusumadewi, Meilia =850 ##$$a NNT-CD